Health and safety statistics 2005/06 (Record no. 106096)

MARC details
000 -LEADER
fixed length control field 01216cam a2200217 4500
001 - CONTROL NUMBER
control field ##L135559
008 - FIXED-LENGTH DATA ELEMENTS--GENERAL INFORMATION
fixed length control field 061108n2006 000 0 eng u
035 ## - SYSTEM CONTROL NUMBER
System control number (Sirsi) u135559
041 0# - LANGUAGE CODE
Language code of text/sound track or separate title eng
050 04 - LIBRARY OF CONGRESS CALL NUMBER
Classification number 344.410465 $2 18
110 1# - MAIN ENTRY--CORPORATE NAME
Corporate name or jurisdiction name as entry element Great Britain
Subordinate unit Health and Safety Commission
245 00 - TITLE STATEMENT
Title Health and safety statistics 2005/06
260 ## - PUBLICATION, DISTRIBUTION, ETC.
Place of publication, distribution, etc. Sudbury
Name of publisher, distributor, etc. HSE
Date of publication, distribution, etc. 2006
505 1# - FORMATTED CONTENTS NOTE
Formatted contents note Key facts -- Work-related ill health -- Workplace injuries -- Industry sectors -- Countries and regions -- Progress against targets -- Enforcement -- Sources and definitions
520 ## - SUMMARY, ETC.
Summary, etc. Provides the latest statistics on work-related health and safety in Great Britain. In the construction industry, the rate of reported fatal injuries between 1999-2000 and 2005-06 fell by around 36%, and the rate of reported major injuries fell by around 22%. For the first time, the number of major injuries resulting from slips, trips and falls on the same level was higher than those due to falls from height.
590 ## - LOCAL NOTE (RLIN)
Local note IKA141106
651 #4 - SUBJECT ADDED ENTRY--GEOGRAPHIC NAME
Geographic name GREAT BRITAIN
690 ## - LOCAL SUBJECT ADDED ENTRY--TOPICAL TERM (OCLC, RLIN)
Topical term or geographic name as entry element Health and safety
9 (RLIN) 6244
856 40 - ELECTRONIC LOCATION AND ACCESS
Uniform Resource Identifier <a href="https://www.hse.gov.uk/statistics/overpic.htm">https://www.hse.gov.uk/statistics/overpic.htm</a>
Public note View the statistics free of charge at www.hse.gov.uk...
942 ## - ADDED ENTRY ELEMENTS (KOHA)
Suppress in OPAC 0
Holdings
Withdrawn status Lost status Source of classification or shelving scheme Damaged status Not for loan Home library Current library Shelving location Date acquired Total Checkouts Full call number Barcode Date last seen Copy number Price effective from Koha item type
    Dewey Decimal Classification     Virtual Virtual Online 08/11/2006   ONLINE PUBLICATION 135559-2001 06/08/2019 1 06/08/2019 Book